[Event "XXIX Andorra Open"]
[Site "Arinsal AND"]
[Date "2011.07.17"]
[Round "2.9"]
[White "Archangelsky, Mikhail"]
[Black "Narciso Dublan, Marc"]
[Result "0-1"]
[WhiteTitle "IM"]
[BlackTitle "GM"]
[WhiteElo "2210"]
[BlackElo "2544"]
[WhiteFideId "4117573"]
[BlackFideId "2201500"]
[EventDate "2011.07.16"]
[EventType "swiss"]

1. Nf3 d6 2. d4 Bg4 3. e4 Nf6 4. Nc3 e6 5. Be2 Be7 6. Be3 O-O 7. O-O d5 8. Nd2
Bxe2 9. Qxe2 dxe4 10. Ndxe4 Nbd7 11. Rad1 c6 12. a3 Re8 13. Rfe1 b5 14. Nxf6+
Nxf6 15. Bc1 a5 16. Bg5 Qb6 17. Ne4 Nxe4 18. Bxe7 Rxe7 19. Qxe4 Rd8 20. Rd3 Rd5
21. c3 Red7 22. Rh3 h6 23. Rg3 c5 24. Qe3 Qc7 25. Rg4 h5 26. Rg5 cxd4 27. cxd4
Qd8 28. Rxd5 Rxd5 29. Qe2 b4 30. axb4 axb4 31. h3 g6 32. Rc1 Rxd4 33. Rc4 Rd1+
34. Kh2 Qd6+ 35. g3 Qd5 36. Qe4 Qxe4 37. Rxe4 Rd2 38. Rxb4 Rxf2+ 39. Kg1 Rc2 40.
h4 Kg7 41. Rb7 Kf6 42. b4 Rb2 43. b5 e5 44. b6 Ke6 45. Rb8 Kf5 0-1

[Event "XXIX Andorra Open"]
[Site "Arinsal AND"]
[Date "2011.07.17"]
[Round "2.10"]
[White "Ibarra Jerez, Jose Carlos"]
[Black "Muratet Casadevall, Albert"]
[Result "1-0"]
[WhiteTitle "IM"]
[WhiteElo "2530"]
[BlackElo "2170"]
[WhiteFideId "2226332"]
[BlackFideId "2215250"]
[EventDate "2011.07.16"]
[EventType "swiss"]

1. e4 e5 2. Nc3 d6 3. d4 exd4 4. Qxd4 Nf6 5. Bf4 Be7 6. O-O-O O-O 7. f3 c5 8.
Qd2 Nc6 9. g4 Nd4 10. Be3 Re8 11. Bxd4 cxd4 12. Qxd4 Qa5 13. Bc4 Be6 14. Nge2 b5
15. Bxe6 fxe6 16. a3 Rab8 17. Qb4 Qb6 18. Qb3 Qe3+ 19. Kb1 Qxf3 20. Nd4 Qxg4 21.
Rhg1 Qh3 22. Nxe6 Kh8 23. Ng5 1-0

[Event "XXIX Andorra Open"]
[Site "Arinsal AND"]
[Date "2011.07.17"]
[Round "2.11"]
[White "Basora Pascual, Lluc"]
[Black "Zoler, Dan"]
[Result "0-1"]
[BlackTitle "IM"]
[WhiteElo "2178"]
[BlackElo "2527"]
[WhiteFideId "2210908"]
[BlackFideId "2800705"]
[EventDate "2011.07.16"]
[EventType "swiss"]

1. e4 c5 2. Nf3 d6 3. d4 cxd4 4. Nxd4 Nf6 5. Nc3 a6 6. Be2 e6 7. Be3 Be7 8. a4
O-O 9. O-O Qc7 10. f4 Nc6 11. Bf3 Re8 12. Qe1 Nxd4 13. Bxd4 e5 14. Be3 exf4 15.
Bxf4 Be6 16. e5 dxe5 17. Qxe5 Bc5+ 18. Kh1 Qxe5 19. Bxe5 Bc4 20. Bxf6 Bxf1 21.
Rxf1 gxf6 22. Nd5 Red8 23. Nxf6+ Kh8 24. Bxb7 Ra7 25. Be4 Bd4 26. Nxh7 f6 27.
Rd1 Kg7 28. Rd3 Re7 29. Rg3+ Kf7 0-1

[Event "XXIX Andorra Open"]
[Site "Arinsal AND"]
[Date "2011.07.17"]
[Round "2.12"]
[White "Del Rio De Angelis, Salvador G."]
[Black "Albets Armengol, Roland"]
[Result "1/2-1/2"]
[WhiteTitle "GM"]
[WhiteElo "2509"]
[BlackElo "2169"]
[WhiteFideId "2203138"]
[BlackFideId "2278049"]
[EventDate "2011.07.16"]
[EventType "swiss"]

1. d4 g6 2. e4 Bg7 3. Nf3 d6 4. Be2 Nf6 5. Nc3 O-O 6. O-O c6 7. a4 Nbd7 8. a5
Qc7 9. Qd3 e5 10. Rd1 Re8 11. dxe5 dxe5 12. Qc4 Nf8 13. a6 Ne6 14. axb7 Bxb7 15.
Qa2 Nd4 16. Bd3 Nxf3+ 17. gxf3 Nh5 18. Bc4 Nf4 19. Bxf4 exf4 20. Ne2 Bc8 21. Qa5
Qe7 22. c3 Be6 23. Bxe6 Qxe6 24. Qg5 Qh3 25. Rd3 h6 26. Qxf4 Be5 27. Qg4 Bxh2+
28. Kh1 Qxg4 29. fxg4 Rxe4 30. Nd4 Bc7 31. f3 Ree8 32. Nxc6 Re2 33. b4 Rae8 34.
Nd4 Rh2+ 35. Kg1 h5 36. gxh5 gxh5 37. f4 Bxf4 38. Rf3 Bb8 39. Nc6 Bd6 40. Rd1
Re6 41. Rd5 Rg6+ 42. Kf1 h4 43. Rh5 Rg3 44. Rxg3+ Bxg3 45. Nd4 Kg7 46. Nf5+ Kg6
47. Nxg3 hxg3 48. Rxh2 gxh2 49. Kg2 Kf5 50. c4 Ke5 51. c5 Kd5 52. Kxh2 a5 53.
bxa5 Kxc5 54. Kg3 Kb5 55. Kf4 1/2-1/2

[Event "XXIX Andorra Open"]
[Site "Arinsal AND"]
[Date "2011.07.17"]
[Round "2.13"]
[White "Navarro Lopez-Menchero, Daniel"]
[Black "Gonzalez Vidal, Yuri"]
[Result "0-1"]
[BlackTitle "GM"]
[WhiteElo "2165"]
[BlackElo "2503"]
[WhiteFideId "2297370"]
[BlackFideId "3503321"]
[EventDate "2011.07.16"]
[EventType "swiss"]

1. e4 e5 2. Nf3 Nc6 3. Bb5 a6 4. Ba4 Nf6 5. O-O Be7 6. Re1 b5 7. Bb3 d6 8. c3
O-O 9. h3 h6 10. d4 Re8 11. Nbd2 Bf8 12. a4 Bb7 13. Bc2 exd4 14. Nxd4 b4 15. f4
Qb8 16. Qf3 Qa7 17. Nb3 Rab8 18. Be3 Qa8 19. Nd2 bxc3 20. bxc3 g6 21. Bf2 Bg7
22. Rab1 Re7 23. Qd3 Rbe8 24. N4f3 Nd8 25. e5 dxe5 26. fxe5 Nd7 27. Bb3 Nxe5 28.
Nxe5 Rxe5 29. Rxe5 Rxe5 30. Bg3 Re7 31. Nf3 Be4 32. Qe3 Nc6 33. Rb2 Qe8 34. Qc5
Bxf3 35. gxf3 Re3 36. Bd5 Rxc3 37. Bxc6 Rxc5 0-1

[Event "XXIX Andorra Open"]
[Site "Arinsal AND"]
[Date "2011.07.17"]
[Round "2.14"]
[White "Norwood, David R"]
[Black "Ben Porat, Or"]
[Result "1/2-1/2"]
[WhiteTitle "GM"]
[WhiteElo "2491"]
[BlackElo "2160"]
[WhiteFideId "400106"]
[BlackFideId "2809516"]
[EventDate "2011.07.16"]
[EventType "swiss"]

1. g3 e6 2. Bg2 f5 3. c4 Nf6 4. Nf3 d5 5. cxd5 exd5 6. O-O c6 7. e3 Bd6 8. Nc3
O-O 9. b3 Qe7 10. Bb2 Nbd7 11. Qc2 Ne5 12. Nxe5 Bxe5 13. Ne2 Bxb2 14. Qxb2 Ng4
15. b4 Qf6 16. Qxf6 Nxf6 17. Rab1 a6 18. a4 Bd7 19. Rfc1 g5 20. Rb2 Rad8 21. f4
h6 22. Nd4 Rc8 23. h3 Kh7 24. Kh2 g4 25. h4 Kg6 26. Kg1 Rfe8 27. Kf2 Ne4+ 28.
Bxe4 dxe4 29. Rc5 Kf6 30. Rbc2 Re7 31. h5 Ree8 32. R2c3 Re7 33. Ke1 Rf7 34. Re5
Re7 35. Rcc5 b6 36. Rxe7 Kxe7 37. Re5+ Kf6 38. a5 c5 39. bxc5 bxc5 40. Nb3 c4
41. Nc5 Bb5 42. Kd1 c3 43. dxc3 Rd8+ 44. Kc2 Bc4 45. Na4 Bf7 46. Nc5 Rd6 47.
Rxe4 fxe4 48. Nxe4+ Ke7 49. Nxd6 Kxd6 50. Kd3 Bxh5 51. Kd4 Bf7 52. e4 h5 53. f5
Bg8 54. e5+ Kc6 55. Ke4 h4 56. gxh4 g3 57. Kf3 Kd5 58. e6 Ke5 59. h5 Kxf5 60. e7
Bf7 61. h6 Kg6 62. Kxg3 Kxh6 63. Kf4 Kg6 64. Ke5 Be8 65. Kd6 Kf7 66. c4 Ba4 67.
c5 Bb5 68. c6 Bxc6 69. Kxc6 Kxe7 1/2-1/2

[Event "XXIX Andorra Open"]
[Site "Arinsal AND"]
[Date "2011.07.17"]
[Round "2.15"]
[White "Lillo Ferrer, Jose Maria M."]
[Black "Venkatesh, M.R."]
[Result "0-1"]
[BlackTitle "IM"]
[WhiteElo "2151"]
[BlackElo "2480"]
[WhiteFideId "2210002"]
[BlackFideId "5005779"]
[EventDate "2011.07.16"]
[EventType "swiss"]

1. d4 Nf6 2. Nf3 e6 3. e3 c5 4. Bd3 b6 5. O-O Bb7 6. b3 d6 7. Bb2 cxd4 8. exd4
g6 9. Re1 Bg7 10. Nbd2 O-O 11. a3 Nbd7 12. Qe2 Qc7 13. c4 Rae8 14. Qf1 e5 15. d5
Nh5 16. Rab1 Nf4 17. Ba1 Nxd3 18. Qxd3 Qd8 19. b4 f5 20. Qb3 g5 21. Nf1 g4 22.
N3d2 Qg5 23. Rbd1 Re7 24. Bb2 h5 25. Bc1 Qg6 26. Bb2 h4 27. Nb1 f4 28. Nfd2 f3
29. Nc3 g3 30. hxg3 hxg3 31. gxf3 Bf6 32. Re4 gxf2+ 33. Kxf2 Rg7 34. Rg4 Qd3 35.
Rxg7+ Bxg7 36. Ke1 Bf6 37. Nce4 Bh4+ 38. Nf2 Qxb3 39. Nxb3 Rxf3 40. Rd2 Nf6 41.
Nc1 Ne4 42. Nd3 Nxd2 0-1

[Event "XXIX Andorra Open"]
[Site "Arinsal AND"]
[Date "2011.07.17"]
[Round "2.16"]
[White "Das, Arghyadip"]
[Black "Mosca, Leonildo"]
[Result "1-0"]
[WhiteTitle "IM"]
[WhiteElo "2471"]
[BlackElo "2127"]
[WhiteFideId "5003610"]
[BlackFideId "808873"]
[EventDate "2011.07.16"]
[EventType "swiss"]

1. e4 Nf6 2. e5 Nd5 3. d4 d6 4. c4 Nb6 5. exd6 exd6 6. Nc3 Be7 7. Bd3 Nc6 8.
Nge2 Bf6 9. Be3 O-O 10. b3 Re8 11. O-O g6 12. Qd2 a5 13. Rad1 Ne7 14. Ne4 Nf5
15. Nxf6+ Qxf6 16. Bg5 Qg7 17. Qc1 f6 18. Bd2 Ne7 19. Ng3 d5 20. Rfe1 Qf7 21.
Bf4 c6 22. Bc7 Nd7 23. c5 f5 24. Nf1 Nf6 25. Nd2 Be6 26. Nf3 Nc8 27. Bf4 Ne4 28.
Ne5 Qg7 29. Bh6 Qc7 30. f3 Nf6 31. Qg5 Nh5 32. Nxg6 1-0

[Event "XXIX Andorra Open"]
[Site "Arinsal AND"]
[Date "2011.07.17"]
[Round "2.17"]
[White "Helmers, Wim"]
[Black "Rodriguez Guerrero, Enrique"]
[Result "0-1"]
[BlackTitle "GM"]
[WhiteElo "2118"]
[BlackElo "2449"]
[WhiteFideId "1006592"]
[BlackFideId "2216892"]
[EventDate "2011.07.16"]
[EventType "swiss"]

1. d4 d5 2. c4 c6 3. Nf3 Nf6 4. e3 e6 5. b3 Nbd7 6. Bd3 Bd6 7. Bb2 O-O 8. Nbd2
b6 9. O-O Bb7 10. Ne5 c5 11. f4 Ne4 12. cxd5 exd5 13. Bxe4 dxe4 14. Ndc4 Be7 15.
Nxd7 Qxd7 16. dxc5 Qxd1 17. Rfxd1 Bxc5 18. Bd4 Bb4 19. a3 Be7 20. a4 Rfd8 21.
Rac1 Bd5 22. Rd2 f6 23. Kf2 Kf7 24. Ke2 Rd7 25. Rdc2 Rad8 26. Kf2 h5 27. Ke2 Kg6
28. Kf2 Bb4 29. Rb1 Be6 30. Rbc1 h4 31. h3 Kf5 32. Ke2 Bf7 33. Kf2 Rxd4 34. exd4
Rxd4 35. Re2 Bc5 36. Ne3+ Kxf4 0-1

[Event "XXIX Andorra Open"]
[Site "Arinsal AND"]
[Date "2011.07.17"]
[Round "2.19"]
[White "Hensbergen, Willem"]
[Black "Caspi, Israel"]
[Result "0-1"]
[BlackTitle "IM"]
[WhiteElo "2110"]
[BlackElo "2443"]
[WhiteFideId "1009630"]
[BlackFideId "2807394"]
[EventDate "2011.07.16"]
[EventType "swiss"]

1. d4 f5 2. c4 Nf6 3. Nc3 g6 4. g3 Bg7 5. Bg2 O-O 6. d5 e5 7. dxe6 dxe6 8. Bf4
Qe7 9. Nf3 Nc6 10. Ne5 Rd8 11. Qa4 Nxe5 12. Bxe5 Qc5 13. Qb5 Qxb5 14. Nxb5 Ne8
15. Bxg7 Kxg7 16. e3 c6 17. Nc3 e5 18. Ke2 Be6 19. b3 Kf6 20. Na4 Bf7 21. Rhd1
g5 22. Nc5 Nd6 23. Rd2 e4 24. g4 b6 25. Na4 fxg4 26. Rad1 Ke7 27. c5 bxc5 28.
Nxc5 Bd5 29. Rc1 Kf6 30. Na6 Ke5 31. Nb4 Rac8 32. Rdc2 Nf5 33. Nxc6+ Bxc6 34.
Rxc6 Rxc6 35. Rxc6 Nh4 36. Rc5+ Rd5 37. Rxd5+ Kxd5 38. Bf1 Nf3 39. h3 gxh3 40.
Kd1 g4 41. Kc1 Nh4 0-1

[Event "XXIX Andorra Open"]
[Site "Arinsal AND"]
[Date "2011.07.17"]
[Round "2.20"]
[White "Gagarin, Vasilij"]
[Black "Fernandez Lopez, Joan"]
[Result "1-0"]
[WhiteTitle "IM"]
[WhiteElo "2428"]
[BlackElo "2106"]
[WhiteFideId "4103610"]
[BlackFideId "6900348"]
[EventDate "2011.07.16"]
[EventType "swiss"]

1. d4 d5 2. c4 c6 3. Nf3 Nf6 4. e3 Bf5 5. Nc3 e6 6. Nh4 Be4 7. f3 Bg6 8. Qb3 Qb6
9. Nxg6 hxg6 10. Bd2 Nbd7 11. Be2 Bd6 12. f4 O-O-O 13. Qc2 dxc4 14. Bxc4 c5 15.
dxc5 Nxc5 16. b4 Qxb4 17. Nb5 Qa4 18. Qxa4 Nxa4 19. Nxa7+ Kb8 20. Nb5 Bc5 21.
Ke2 Ne4 22. Be1 Nb2 23. Rc1 Bb6 24. Kf3 Nd2+ 25. Bxd2 Rxd2 26. Be2 Rhd8 27. Rc3
Na4 28. Ra3 Nc5 29. Rb1 g5 30. fxg5 Ne4 31. h4 Bc5 32. Rab3 Rxa2 33. Kxe4 Rxe2
34. R1b2 Rdd2 35. Rxd2 Rxd2 36. Rd3 Rxd3 37. Kxd3 Be7 38. Ke4 b6 39. Kf4 Kb7 40.
Nd4 Kc7 41. h5 Bf8 42. Ke5 Kd7 43. g4 Bd6+ 44. Ke4 Ke7 45. Nb5 Bc5 46. Kf4 Bb4
47. Na7 Bc3 48. Nc8+ Kf8 49. Nxb6 Ba5 50. Nd7+ Kg8 51. Ne5 f6 52. Nf3 Kf7 53.
g6+ Kg8 54. Ke4 Bc3 55. Nd4 e5 56. Nf5 Bb2 57. Kd5 Ba3 58. Ke6 1-0

[Event "XXIX Andorra Open"]
[Site "Arinsal AND"]
[Date "2011.07.18"]
[Round "3.1"]
[White "Georgiev, Kiril"]
[Black "Wegerle, Joerg"]
[Result "1-0"]
[WhiteTitle "GM"]
[BlackTitle "IM"]
[WhiteElo "2654"]
[BlackElo "2446"]
[WhiteFideId "2900017"]
[BlackFideId "4644743"]
[EventDate "2011.07.16"]
[EventType "swiss"]

1. d4 d5 2. c4 dxc4 3. e3 e5 4. Bxc4 exd4 5. exd4 Bd6 6. Nf3 Nf6 7. O-O O-O 8.
Nc3 Nc6 9. h3 h6 10. Re1 Re8 11. Be3 Bf5 12. a3 a6 13. Rc1 Qd7 14. Bf1 Rad8 15.
b4 Ne7 16. Ne5 Bxe5 17. dxe5 Qxd1 18. Rexd1 Nfd5 19. Bc5 Nxc3 20. Rxd8 Rxd8 21.
Bxe7 Rd7 22. Bc5 Nb5 23. a4 Nd4 24. g4 Be6 25. f4 Nb3 26. Rc3 Nxc5 27. Rxc5 c6
28. b5 axb5 29. axb5 Rd4 30. bxc6 bxc6 31. f5 Bd5 32. Ra5 g6 33. Ra8+ Kg7 34.
Ra7 gxf5 35. gxf5 Kg8 36. Ra8+ Kg7 37. Be2 Be4 38. Bg4 h5 39. f6+ Kg6 40. Rg8+
Kh6 41. e6 Bg6 42. e7 Re4 43. Bf3 1-0

[Event "XXIX Andorra Open"]
[Site "Arinsal AND"]
[Date "2011.07.18"]
[Round "3.2"]
[White "Caspi, Israel"]
[Black "Hamdouchi, Hicham"]
[Result "1-0"]
[WhiteTitle "IM"]
[BlackTitle "GM"]
[WhiteElo "2443"]
[BlackElo "2628"]
[WhiteFideId "2807394"]
[BlackFideId "9000011"]
[EventDate "2011.07.16"]
[EventType "swiss"]

1. e4 c5 2. Nf3 Nc6 3. d4 cxd4 4. Nxd4 g6 5. Nc3 Bg7 6. Be3 Nf6 7. Bc4 Qa5 8.
O-O O-O 9. Nb3 Qc7 10. Bg5 a6 11. Be2 e6 12. Qd2 b5 13. a3 Ne5 14. Qf4 Nfg4 15.
Bxg4 f6 16. Bh4 g5 17. Bxg5 fxg5 18. Qxg5 h6 19. Qh5 Bb7 20. Be2 Rf7 21. Qh3 Nc4
22. Bxc4 bxc4 23. Nd2 Raf8 24. Rad1 Qc5 25. Nf3 Bxc3 26. bxc3 Rg7 27. Rd4 Bc6
28. Nd2 Qxa3 29. Qxh6 Qxc3 30. Rxc4 Qe5 31. Qe3 Qh5 32. Rc5 Qh4 33. f4 Rf6 34.
Rf2 Qh7 35. g3 Rh6 36. Rg5 Rh5 37. h4 Rhxg5 38. fxg5 Rf7 39. Rf6 Rxf6 40. gxf6
Qg6 41. Qf4 Qh5 42. Nf3 Qc5+ 43. Kh1 Kf8 44. Ne5 1-0

[Event "XXIX Andorra Open"]
[Site "Arinsal AND"]
[Date "2011.07.18"]
[Round "3.4"]
[White "Moussard, Jules"]
[Black "Iturrizaga, Eduardo"]
[Result "0-1"]
[WhiteTitle "IM"]
[BlackTitle "GM"]
[WhiteElo "2426"]
[BlackElo "2603"]
[WhiteFideId "642908"]
[BlackFideId "3901211"]
[EventDate "2011.07.16"]
[EventType "swiss"]

1. e4 c5 2. Nf3 Nc6 3. d4 cxd4 4. Nxd4 g6 5. c4 Nf6 6. Nc3 d6 7. Be2 Nxd4 8.
Qxd4 Bg7 9. Be3 O-O 10. Qd2 a5 11. O-O a4 12. f3 Qa5 13. Rac1 Be6 14. Rfd1 Rfc8
15. Nb5 Nd7 16. Nd4 Nc5 17. Kf2 Bd7 18. Rc2 Qxd2 19. Rcxd2 f5 20. exf5 gxf5 21.
g3 Bf6 22. Kg2 Kf7 23. Bf2 h5 24. b4 axb3 25. axb3 Bxd4 26. Rxd4 Nxb3 27. Rh4
Ra2 28. Re1 e5 29. Rxh5 Kg6 30. Rh4 Nd2 31. Bd1 Bc6 32. c5 Ra1 33. Kh3 dxc5 34.
f4 Ne4 35. Bxc5 Ra2 36. g4 Ng5+ 0-1

[Event "XXIX Andorra Open"]
[Site "Arinsal AND"]
[Date "2011.07.18"]
[Round "3.5"]
[White "Peralta, Fernando"]
[Black "Tania, Sachdev"]
[Result "1/2-1/2"]
[WhiteTitle "GM"]
[BlackTitle "IM"]
[WhiteElo "2601"]
[BlackElo "2419"]
[WhiteFideId "105309"]
[BlackFideId "5007844"]
[EventDate "2011.07.16"]
[EventType "swiss"]

1. d4 d5 2. c4 e6 3. Nc3 Be7 4. cxd5 exd5 5. Bf4 Nf6 6. e3 Bf5 7. Qb3 Nc6 8. a3
Na5 9. Qa2 O-O 10. Nf3 a6 11. Be2 b5 12. O-O Rc8 13. Rac1 c6 14. Ne5 Nd7 15. Nd3
Nc4 16. Nb1 c5 17. dxc5 Nxc5 18. Nxc5 Bxc5 19. Rfd1 g5 20. Bg3 Nxe3 21. b4 Nxd1
22. bxc5 Re8 23. Bf1 d4 24. Rxd1 Rxc5 25. Nd2 d3 26. Qa1 Qd5 27. h4 h6 28. hxg5
hxg5 29. Nf3 Bg6 1/2-1/2

[Event "XXIX Andorra Open"]
[Site "Arinsal AND"]
[Date "2011.07.18"]
[Round "3.7"]
[White "Almeida Quintana, Omar"]
[Black "Mascaro March, Pedro"]
[Result "1-0"]
[WhiteTitle "GM"]
[BlackTitle "IM"]
[WhiteElo "2548"]
[BlackElo "2413"]
[WhiteFideId "3503313"]
[BlackFideId "2217570"]
[EventDate "2011.07.16"]
[EventType "swiss"]

1. d4 Nf6 2. c4 e6 3. Nc3 b6 4. Nf3 Bb4 5. Bg5 h6 6. Bh4 Bb7 7. Qb3 a5 8. a3
Bxc3+ 9. Qxc3 d6 10. Nd2 Nbd7 11. f3 O-O 12. e3 c5 13. dxc5 bxc5 14. Be2 Qb6 15.
Bf2 Rfb8 16. O-O-O Bc6 17. Kb1 Rb7 18. Ka1 Rab8 19. Rb1 Qc7 20. Rhg1 Nb6 21. b3
a4 22. b4 cxb4 23. axb4 a3 24. b5 Bd7 25. e4 e5 26. Qb4 Ra8 27. Rgc1 Be6 28. Rb3
Nfd7 29. Rd3 Nc5 30. Rxd6 Qxd6 31. Bxc5 Qd8 32. Be3 Ra4 33. Qb3 Qd6 34. Qc3 Qb4
35. Qxe5 Rd7 36. Bd4 Rxd4 37. Qxd4 a2 38. Qb2 Qc5 39. Nb3 Qe3 40. Nd4 Nxc4 41.
Qc3 Qxc3+ 42. Rxc3 Nd2 43. Nxe6 fxe6 44. Rd3 Nb1 45. Rb3 Na3 46. Rb2 1-0

[Event "XXIX Andorra Open"]
[Site "Arinsal AND"]
[Date "2011.07.18"]
[Round "3.8"]
[White "Panelo, Marcelo"]
[Black "Kogan, Artur"]
[Result "0-1"]
[WhiteTitle "IM"]
[BlackTitle "GM"]
[WhiteElo "2413"]
[BlackElo "2548"]
[WhiteFideId "104213"]
[BlackFideId "2800802"]
[EventDate "2011.07.16"]
[EventType "swiss"]

1. Nf3 Nf6 2. d4 d5 3. c4 c6 4. Nc3 dxc4 5. a4 Bf5 6. Ne5 Na6 7. f3 Nd7 8. Nxd7
Bxd7 9. e4 e5 10. Bxc4 Qh4+ 11. Ke2 Nb4 12. dxe5 O-O-O 13. Be3 Qh5 14. Qd4 c5
15. Qd1 Qxe5 16. Qb3 f5 17. f4 Qe8 18. Bf7 Qe7 19. e5 Kb8 20. Rad1 g5 21. e6 Bh6
22. Nd5 Nxd5 23. Qxd5 Bb5+ 24. axb5 Rxd5 25. Rxd5 gxf4 26. Bxc5 Qg5 27. Kf1 Qg4
28. Kf2 Bg5 29. Ra1 b6 30. Bd4 Rc8 31. Be5+ Ka8 32. Bc3 Bh4+ 33. Kg1 f3 34. Rd2
Qe4 35. Rf1 Qe3+ 36. Rff2 Qe1+ 37. Rf1 f2+ 0-1

[Event "XXIX Andorra Open"]
[Site "Arinsal AND"]
[Date "2011.07.18"]
[Round "3.9"]
[White "Narciso Dublan, Marc"]
[Black "Klenburg, Mikhail"]
[Result "1-0"]
[WhiteTitle "GM"]
[BlackTitle "IM"]
[WhiteElo "2544"]
[BlackElo "2412"]
[WhiteFideId "2201500"]
[BlackFideId "14102072"]
[EventDate "2011.07.16"]
[EventType "swiss"]

1. d4 d6 2. e4 Nf6 3. Nc3 g6 4. Nf3 Bg7 5. Be2 O-O 6. O-O c6 7. a4 Qc7 8. a5
Nbd7 9. Be3 Rb8 10. Nd2 b5 11. axb6 axb6 12. f4 b5 13. e5 Nd5 14. Nxd5 cxd5 15.
Ra3 b4 16. Rb3 Nb6 17. c3 bxc3 18. Rxc3 Qd8 19. b3 f6 20. exf6 exf6 21. Bf3 Be6
22. Qc2 f5 23. Ra1 Re8 24. Bf2 Ra8 25. Rxa8 Qxa8 26. Rc6 Nc4 27. Rxc4 1-0

[Event "XXIX Andorra Open"]
[Site "Arinsal AND"]
[Date "2011.07.18"]
[Round "3.10"]
[White "Vehi Bach, Victor Manuel"]
[Black "Ibarra Jerez, Jose Carlos"]
[Result "1/2-1/2"]
[WhiteTitle "IM"]
[BlackTitle "IM"]
[WhiteElo "2403"]
[BlackElo "2530"]
[WhiteFideId "2200228"]
[BlackFideId "2226332"]
[EventDate "2011.07.16"]
[EventType "swiss"]

1. e4 c5 2. Nf3 e6 3. d4 cxd4 4. Nxd4 Qb6 5. Nb3 Qc7 6. Nc3 a6 7. a4 Nf6 8. Bd3
b6 9. f4 d6 10. Qf3 Nc6 11. O-O Bb7 12. Qh3 Be7 1/2-1/2

[Event "XXIX Andorra Open"]
[Site "Arinsal AND"]
[Date "2011.07.18"]
[Round "3.11"]
[White "Zoler, Dan"]
[Black "Mullon, Jean-Baptiste"]
[Result "1-0"]
[WhiteTitle "IM"]
[BlackTitle "IM"]
[WhiteElo "2527"]
[BlackElo "2400"]
[WhiteFideId "2800705"]
[BlackFideId "613606"]
[EventDate "2011.07.16"]
[EventType "swiss"]

1. d4 d5 2. c4 c6 3. Nf3 Nf6 4. Nc3 dxc4 5. a4 Bf5 6. e3 e6 7. Bxc4 Bb4 8. O-O
Nbd7 9. Qe2 O-O 10. e4 Bg6 11. Bd3 c5 12. Na2 Ba5 13. Bg5 Qb6 14. Rfb1 c4 15.
Bc2 Qc6 16. Bxf6 gxf6 17. Nc3 a6 18. Rd1 Qc7 19. Nd2 Rfc8 20. h4 h6 21. Nf1 Bb4
22. h5 Bh7 23. Ne3 Rab8 24. g3 b5 25. axb5 axb5 26. Ng4 Bf8 27. d5 Bg7 28. dxe6
fxe6 29. Qe3 Ne5 30. Nxe5 Qxe5 31. Rd7 Rc7 32. f4 Qc5 33. Qxc5 Rxc5 34. Raa7 Bf8
35. Rxh7 b4 36. Na4 b3 37. Bb1 Rbc8 38. Kg2 Rxh5 39. e5 f5 40. Rhc7 Rd8 41. Rd7 1-0

[Event "XXIX Andorra Open"]
[Site "Arinsal AND"]
[Date "2011.07.18"]
[Round "3.12"]
[White "Gonzalez Vidal, Yuri"]
[Black "Berkovich, Mark A"]
[Result "1/2-1/2"]
[WhiteTitle "GM"]
[BlackTitle "IM"]
[WhiteElo "2503"]
[BlackElo "2396"]
[WhiteFideId "3503321"]
[BlackFideId "2801639"]
[EventDate "2011.07.16"]
[EventType "swiss"]

1. e4 e5 2. Nf3 Nc6 3. Bc4 Nf6 4. d3 Bc5 5. c3 O-O 6. Bb3 d5 7. Qe2 Re8 8. Bg5
dxe4 9. dxe4 h6 10. Qc4 hxg5 11. Qxc5 Nh5 12. g3 g4 13. Nfd2 Qf6 14. Na3 a6 15.
Nc2 b6 16. Qe3 Na5 17. Bd5 c6 18. Bb3 Nxb3 19. axb3 c5 20. Qe2 Qg6 21. b4 1/2-1/2

[Event "XXIX Andorra Open"]
[Site "Arinsal AND"]
[Date "2011.07.18"]
[Round "3.13"]
[White "Venkatesh, M.R."]
[Black "Sochacki, Christophe"]
[Result "1-0"]
[WhiteTitle "IM"]
[BlackTitle "FM"]
[WhiteElo "2480"]
[BlackElo "2358"]
[WhiteFideId "5005779"]
[BlackFideId "662569"]
[EventDate "2011.07.16"]
[EventType "swiss"]

1. Nf3 Nf6 2. g3 d5 3. Bg2 c6 4. b3 Bf5 5. Bb2 Nbd7 6. d3 Qc7 7. Nh4 e6 8. Nd2
h5 9. Nxf5 exf5 10. Nf3 Bb4+ 11. c3 Bd6 12. Qd2 O-O-O 13. O-O-O Rhe8 14. Kb1 g6
15. Rc1 Qa5 16. Rc2 Ne5 17. Qc1 Nfg4 18. Nxe5 Bxe5 19. e3 Bg7 20. h3 Ne5 21. Rd1
Qa6 22. Qd2 Bf8 23. d4 Nd7 24. Rdc1 Nf6 25. c4 Kb8 26. c5 Rc8 27. Bf1 b5 28. a4
Qb7 29. axb5 cxb5 30. Qa5 a6 31. c6 Qa7 32. c7+ Kb7 33. Rc6 Nd7 34. Bg2 Nb6 35.
Rf6 Rxc7 36. Rxc7+ Kxc7 37. Bxd5 Bd6 38. Qc3+ 1-0

[Event "XXIX Andorra Open"]
[Site "Arinsal AND"]
[Date "2011.07.18"]
[Round "3.14"]
[White "Popilski, Gil"]
[Black "Das, Arghyadip"]
[Result "1-0"]
[WhiteTitle "IM"]
[BlackTitle "IM"]
[WhiteElo "2376"]
[BlackElo "2471"]
[WhiteFideId "2809060"]
[BlackFideId "5003610"]
[EventDate "2011.07.16"]
[EventType "swiss"]

1. e4 e5 2. Nf3 Nc6 3. Bb5 a6 4. Ba4 Nf6 5. O-O b5 6. Bb3 Bc5 7. c3 d6 8. d4 Bb6
9. Qd3 O-O 10. Bg5 h6 11. Bh4 Bd7 12. Nbd2 Qe7 13. Rfe1 Kh8 14. Nf1 g5 15. Bg3
Nh5 16. Ne3 Nxg3 17. Nd5 Qd8 18. Nxb6 cxb6 19. hxg3 Qe7 20. dxe5 dxe5 21. Rad1
Ra7 22. Qd6 f6 23. Re3 Qg7 24. Bd5 Ne7 25. Qxb6 Nc8 26. Qa5 Bg4 27. c4 bxc4 28.
Bxc4 Qe7 29. Rdd3 f5 30. Nxe5 1-0

[Event "XXIX Andorra Open"]
[Site "Arinsal AND"]
[Date "2011.07.18"]
[Round "3.15"]
[White "Rodriguez Guerrero, Enrique"]
[Black "Porat, Maya"]
[Result "1-0"]
[WhiteTitle "GM"]
[WhiteElo "2449"]
[BlackElo "2274"]
[WhiteFideId "2216892"]
[BlackFideId "2808072"]
[EventDate "2011.07.16"]
[EventType "swiss"]

1. e4 e6 2. d4 d5 3. Nc3 Bb4 4. e5 Ne7 5. a3 Bxc3+ 6. bxc3 b6 7. Qg4 Ng6 8. h4
h5 9. Qf3 Qd7 10. Bd3 Ba6 11. Ne2 Qa4 12. Ng3 Bxd3 13. cxd3 c5 14. Nxh5 Rh7 15.
Bg5 Nc6 16. Nf4 Qa5 17. O-O Nxf4 18. Qxf4 Qxc3 19. dxc5 Nd4 20. Qe3 Nc2 21. Rfc1
Qxa1 22. Qd2 Qd4 23. cxb6 Qxb6 24. Qxc2 Rb8 25. Qa4+ Kf8 26. Qd7 g6 27. Bf6 Qa6
28. Rc6 Qb5 29. Rc8+ 1-0